| 000 | 01714nam a22003017a 4500 | ||
|---|---|---|---|
| 005 | 20110301102220.0 | ||
| 008 | 110301t xxu||||| |||| 00| 0 eng d | ||
| 010 | _aENG-102055 | ||
| 020 |
_a9780071074193 _c695.00 |
||
| 020 |
_a0071074198 _c695.00 |
||
| 035 | _aEN-85588 | ||
| 037 | _bDBAD/PUB | ||
| 040 |
_adpl _bEng |
||
| 082 | 0 | 0 | _a005.7585 |
| 100 | 1 |
_aNanda, Ashwani _926301 |
|
| 245 | 1 | 0 |
_aHands-on Microsoft SQL server 2008 integration services / _cby Ashwani Nanda |
| 250 | _a2nd ed | ||
| 260 |
_aNew Delhi _bTata McGraw-Hill _cc2011 |
||
| 270 |
_a7 West Patel Nagar _bNew Delhi _e110008 |
||
| 300 |
_axxii, 698 p. : _bill. _c24 cm (pbk) |
||
| 500 | _aIncludes index. | ||
| 505 | 0 | _aIntroducing SQL server integration services -- Getting started with wizards -- Nuts and bolts of the SSIS workflow -- Integration services control flow containers -- Integration services control flow tasks -- Administering integration services -- Securing integration services packages -- Advanced features of integration services -- Data flow components -- Data flow transformations -- Programming integration services -- Data warehousing and SQL server 2008 enhancements -- Deploying integration services packages -- Migrating to integration services 2008 -- Troubleshooting and performance enhancements. | |
| 630 | 0 | 0 |
_aSQL server. _926302 |
| 650 | 0 |
_aDatabase management. _926303 |
|
| 942 |
_2ddc _cEN _h005.7585 _mNAN |
||
| 999 |
_c50820 _d50820 |
||